Science Quiz

Random Science or Astronomy Quiz
Score 0/20 Timer 02:00
0 Plays Today
Question Answer Wrong Answers
Which irrational constant is defined as the ratio of a circle's circumference to its diameter? e
86.2%
π
13.6%
Which scientist won two Nobel Prizes for their research into radioactivity? Albert Einstein
85%
Marie Curie
13.5%
Watson and Crick were the first to publish their findings on the double helix structure of which molecule? RNA
84.1%
DNA
9.2%
The human heart has how many chambers? Two
84%
Four
13.9%
Which temperature scale also goes by the name of Centigrade? Kelvin
81.8%
Celsius
13.3%
In which constellation can you find Polaris, the North Star? Leo Minor
78.8%
Ursa Minor
13.8%
Which organ does the word 'renal' refer to? Liver
78.2%
Kidney
15.6%
The Galilean moons orbit around which planet? Saturn
73.7%
Jupiter
25.2%
Which bird is the fastest known member of the animal kingdom? Roadrunner
67.7%
Peregrine Falcon
28%
Which ore is the most common source of aluminum? Pitchblende
66.9%
Bauxite
18.5%
Riboflavin is a vitamin that also goes by which name? Vitamin C
65.4%
Vitamin B2
17.9%
Bos taurus is the binomial name for which livestock? Sheep
62.3%
Cows
17.7%
Which element is the only liquid nonmetal at standard ambient temperature and pressure? Selenium
61.3%
Bromine
32.6%
What is the length of the hypotenuse of a right triangle with bases measuring 5 and 12? 17
57.2%
13
34.3%
Which galaxy is believed to be the largest in our Local Group? Milky Way
55.8%
Andromeda
31.9%
Which SI unit measures electric current? Volt
55.1%
Ampere
34.3%
Which is the brightest star in the night sky? Alpha Centauri
52.6%
Sirius
38.1%
Which element's symbol stands for the Latin word hydrargyrum? Hydrogen
43.7%
Mercury
53%
How many even prime numbers are there? Infinitely many
34.5%
One
35.8%
Which is the most massive known dwarf planet in our solar system? Pluto
24.9%
Eris
51.2%

You're not logged in!

Compare scores with friends on all Sporcle quizzes.
OR
Log In

Sporcle TV

Today on Sporcle TV


Watch our educational content, quiz creation guides, and fun videos on Sporcle TV.

Show Comments

Extras

Top Quizzes Today


Score Distribution

Paid Content

Your Account Isn't Verified!

In order to create a playlist on Sporcle, you need to verify the email address you used during registration. Go to your Sporcle Settings to finish the process.

Report this User

Report this user for behavior that violates our Community Guidelines.

Details: